Gaming Quiz

Random Gaming or Card Games Quiz

UNO Without Cards Quiz Stats

 Plays Quiz Updated Jul 5, 2019

Score 0/15 Timer 01:00
29 Plays Today
Question Answer Wrong Answers
Player 1: Blue 3
Player 2: Blue 4
Your turn!
???
96.8%
???
0.7%
???
1.6%
???
0.5%
Player 1: Yellow Skip
Your turn!
???
95.2%
???
0.6%
???
0.6%
???
1%
Player 2: Wild Draw Four
Changing the color to blue...
Your turn!
???
95.1%
???
0.4%
???
0.3%
???
0.4%
Let the game begin...
Player 1: Green 1
Player 2: Red 1
Your turn!
???
94.6%
???
1.8%
???
2.7%
???
0.9%
Player 1: Red 8
Player 2: Yellow 8
Your turn!
???
94%
???
0.6%
???
2.2%
???
1.3%
Player 1: Red 2
Player 2: Red 8
Your turn!
???
93.5%
???
0.4%
???
4.4%
???
0.5%
Player 2: Blue 6
Player 1: Blue 9
Your turn!
???
93.5%
???
0.3%
???
0.3%
???
1%
Player 1: Blue 1
Your turn!
???
92.7%
???
0.3%
???
0.3%
???
0.4%
Player 2: Red 5
Player 1: Yellow 5
Your turn!
???
89.1%
???
0.3%
???
0.4%
???
1.4%
Player 2: Green 3
Player 1: Blue 3
Your turn!
???
83.6%
???
2.4%
???
0.3%
???
1.2%
Player 2: Red 8
Player 1: Red 5
Your turn!
???
81.8%
???
0.3%
???
0.4%
???
0.7%
Player 2: Green 6
Player 1: Green 3
Your turn!
???
77.3%
???
0.6%
???
0.4%
???
0.3%
Player 2: Green Reverse
Your turn!
???
68.8%
???
2.3%
???
0.6%
Player 2: Yellow 3
Player 1: Yellow Skip
Player 2: Yellow 7
Player 1: Blue 7
Your turn!
???
60.5%
???
1.8%
Player 2: Blue 4
Player 1: Blue Reverse
Player 2: Green Reverse
Player 1: Green Skip
Player 2: Red Skip
Your turn!
???
55.4%

You're not logged in!

Compare scores with friends on all Sporcle quizzes.
OR
Log In

Sporcle TV

Today on Sporcle TV


Watch our educational content, quiz creation guides, and fun videos on Sporcle TV.

Show Comments

Extras

Top Quizzes Today


Score Distribution

Your Account Isn't Verified!

In order to create a playlist on Sporcle, you need to verify the email address you used during registration. Go to your Sporcle Settings to finish the process.

Report this User

Report this user for behavior that violates our Community Guidelines.

Details: